EG residential (Record no. 81001)

MARC details
000 -LEADER
fixed length control field 00840cab a22002295a 4500
001 - CONTROL NUMBER
control field L146019
008 - FIXED-LENGTH DATA ELEMENTS--GENERAL INFORMATION
fixed length control field 081202e20081129xxkbdo f s 000 0 eng d
035 ## - SYSTEM CONTROL NUMBER
System control number (Sirsi) u146019
041 0# - LANGUAGE CODE
Language code of text/sound track or separate title eng
100 1# - MAIN ENTRY--PERSONAL NAME
Personal name Evans, Nigel
245 00 - TITLE STATEMENT
Title EG residential
260 ## - PUBLICATION, DISTRIBUTION, ETC.
Date of publication, distribution, etc. 2008
490 ## - SERIES STATEMENT
Series statement Estates Gazette
Volume/sequential designation (0847) 29 November 2008, 63-75(9)
520 ## - SUMMARY, ETC.
Summary, etc. Regular feature on residential property provides sections on ways to ease the current glut of unsold housing, commentary on new build property not selling despite 50% discounts, as well as discussion on whether negative reporting in the media is exacerbating the current economic crisis.
590 ## - LOCAL NOTE (RLIN)
Local note KA
651 #4 - SUBJECT ADDED ENTRY--GEOGRAPHIC NAME
Geographic name United Kingdom
Chronological subdivision
690 ## - LOCAL SUBJECT ADDED ENTRY--TOPICAL TERM (OCLC, RLIN)
Topical term or geographic name as entry element Residential property
9 (RLIN) 6266
700 1# - ADDED ENTRY--PERSONAL NAME
Personal name Donnell, Richard
700 1# - ADDED ENTRY--PERSONAL NAME
Personal name Norwood, Graham
700 1# - ADDED ENTRY--PERSONAL NAME
Personal name Smith, Daniel
942 ## - ADDED ENTRY ELEMENTS (KOHA)
Suppress in OPAC 0
Holdings
Withdrawn status Lost status Source of classification or shelving scheme Damaged status Not for loan Home library Current library Shelving location Date acquired Total Checkouts Full call number Barcode Date last seen Copy number Price effective from Koha item type
    Dewey Decimal Classification     London London Journal article 02/12/2008   L146019 146019-1001 06/08/2019 1 06/08/2019 Journal article